000 01250nam a2200277 4500
001 0000017427
003 CO-CtgCURN
005 20250828152810.0
008 160627s1999 000 0 eng d
020 _a958676057X
040 _aCO-CtgCURN
_bspa
_ccoctgcurn
082 0 _a347.06
_bO77p
100 1 _aOrtíz Ricaurte, Edgar Henry.
245 1 3 _aLa protección del testigo :
_bderecho comparado, legislacion y jurisprudencia /
_cEdgar Henry Ortíz Ricaurte.
260 _aBogotá :
_bEdiciones Doctrina y Ley,
_c1999.
300 _axiv, 162 p.
336 _2rdacontent
337 _2rdamedia
_asin mediacion
_bn
338 _2rdacarrier
_avolumen
_bnc
505 8 _aAntecedentes.--Aproximacion a la figura del informante.--Procedimiento.--Importancia de la labor juridica en la funcion de protección.--Policia judicial.--Análisis jurisprudencial.--La protección en otros paises.--Aspectos alrededor de la victimología.--El programa de protección y la reserva de las actuaciones
650 0 _aTestigos
_vLegislacion
_zColombia.
908 _a160627
942 _cBK
_h347.06
_iO77p
_2ddc
999 _c49793
_d49793
_x2